00550cam a2200181ua 45000010005000000080039000050400009000440820011000531000029000642450071000932500009001642600095001733000010002686530022002786530025003006530019003256530024003443447111105n ii |||gr||||Z||||||asm cMAIN a342.541 aRajkhowa, Satishchandra,11aBharatiya sangbidhan aru swayatta sasancby Satishchandra Rajkhowa a5th. aDibrugarh:bCo-ordination committee for production of textbooks, Dibrugarh university,984. a203p. aPolitical science aBharatiya sangbidhan aSwayatta sasan aIndian constitution